| 000 | 00947nam a2200253Ia 4500 | ||
|---|---|---|---|
| 003 | GCL | ||
| 008 | 140319s9999 xx 000 0 ara d | ||
| 040 |
_aGCL / _cGCL |
||
| 082 | 0 | 4 |
_a602 _bب ا |
| 100 | 1 | _aمحمد عبدالقادر \\=aبايبك، سى . اوينv | |
| 245 | 1 | 0 |
_aارتقاء التقدم : نهاية النمو الاقتصادى وبداية تطوير الخصائص البشرية / _cمحمد عبدالقادر |
| 700 | 1 | _aزهير صندوقة (ترجمة) | |
| 300 | _a389 ص | ||
| 490 | _a | ||
| 650 | 0 | 4 | _aالولايات المتحدة الامريكية |
| 650 | 0 | 4 | _aالاحوال الاقتصادية |
| 650 | 0 | 4 | _aالتنمية الاقتصادية |
| 650 | 0 | 4 | _aالعلم والحضارة |
| 650 | 0 | 4 | _aالتطور الاجتماعى |
| 650 | 0 | 4 | _aالنمو |
| 650 | 0 | 4 | _aاليابان - الاحوال الاقتصادية |
| 650 | 0 | 4 | _aالعلوم - نظريات |
| 942 |
_2ddc _cBK |
||
| 999 |
_c46612 _d46612 |
||